00881nam a2200229 a 450000100060000000300080000600500170001400800410003103500200007204000370009204100080012908200290013710000220016624501280018826000430031630000360035949000710039550400300046665100440049665100400054083000710058043114BD-RjUL20211209053641.0500101s1968 nyua b 000 0 eng d a(BD-RjUL) 43232 aDLCcDLCdUKMdEQOdBD-RjULbeng aeng a330.949507223bCAE 19681 aCandilis, Wray O.14aThe economy of Greece, 1944-66 :befforts for stability and development /cWray O. Candilis ; foreword by Xenophon Zolotas. aNew York ;aLondon :bPraeger,cc1968. axxiii, 238 p. :bill. ;c24 cm. aPraeger special studies in international economics and development aBibliography: p. 223-238. 0aGreecexEconomic conditionsy1918-1974. 0aGreecexEconomic policyy1918-1974. 0aPraeger special studies in international economics and development